Normal view
MARC view
- Mayes, A. R.
Entry Personal Name
001 - CONTROL NUMBER
- control field: 1485
003 - CONTROL NUMBER IDENTIFIER
- control field: OSt
005 - DATE AND TIME OF LATEST TRANSACTION
- control field: 20170504154207.0
008 - FIXED-LENGTH DATA ELEMENTS
- fixed length control field: 170504|| aca||aabn | a|a d
040 ## - CATALOGING SOURCE
- Original cataloging agency: OSt
- Transcribing agency: OSt
100 ## - HEADING--PERSONAL NAME
- Personal name: Mayes, A. R.
- Fuller form of name: (Andrew Richard)
670 ## - SOURCE DATA FOUND
- Source citation: Work cat.: (OSt)0: Sleep mechanisms and functions in humans and animals :, c1983.

PORTAL AKMAL
E-MEL JKDM
AKMAL2U
G-BAM
u-PUSTAKA